Brandy or Monica - Statistics

General Stats
  • This quiz has been taken 10 times
  • The average score is 9 of 15
Answer Stats
Question Answer % Correct
Actress on tv show Moesha Brandy
88%
"Angel of Mine" Singer Monica
88%
"The Boy is Mine" singer Both
75%
Has won a Grammy award. Both
75%
Had a number one song on the Billboard Hot 100 as a solo artist. Both
75%
Type of Liquor Brandy
75%
American activist Lewinsky Monica
75%
Tennis player Seles Monica
63%
Has won an Emmy Neither
63%
Disney Channel Show with Mr. Whiskers Brandy
50%
Is the older of the two singers Brandy
38%
Part of the end of Route 66. Monica
38%
Born in the same town as Britney Spears Brandy
25%
Has Been a Judge on America's Got Talent Brandy
25%
Character on TV show Friends Monica
13%
No matching quizzes found
Score Distribution
Percent of People with Each Score
Percentile by Number Answered
Your Score History
You have not taken this quiz